Phân loại và giải bài tập về hiện tượng cảm ứng điện từ
Tổng quan lý thuyết về hiện tượng cảm ứng điện từ. Phân loại và giải bài tập về hiện tượng cảm ứng điện từ. Ứng dụng của hiện tượng cảm ứng điện từ trong thực tế
Tallennettuna:
| Päätekijä: | |
|---|---|
| Muut tekijät: | |
| Aineistotyyppi: | Kirja |
| Kieli: | Vietnamese |
| Julkaistu: |
Đà Nẵng
Đại học Đà Nẵng
2011
|
| Aiheet: | |
| Tagit: |
Lisää tagi
Ei tageja, Lisää ensimmäinen tagi!
|
| Thư viện lưu trữ: | Mạng thư viện Đại học Đà Nẵng |
|---|
| LEADER | 01482nam a2200349 4500 | ||
|---|---|---|---|
| 001 | 000012130 | ||
| 003 | 8418 | ||
| 005 | 20120216080249.0 | ||
| 008 | 120216s2011 viesd | ||
| 041 | |a vie | ||
| 072 | |a Khóa luận tốt nghiệp | ||
| 082 | |a 537.076 |b LE-A | ||
| 100 | |a Lê, Thị Ngọc Anh |e Tác giả | ||
| 245 | |a Phân loại và giải bài tập về hiện tượng cảm ứng điện từ |c Lê Thị Ngọc Anh | ||
| 260 | |a Đà Nẵng |b Đại học Đà Nẵng |c 2011 | ||
| 300 | |a 75 tr. |c 29 cm | ||
| 500 | |a Khóa luận tốt nghiệp khoa Vật lý. Lớp 07 SVL | ||
| 520 | |a Tổng quan lý thuyết về hiện tượng cảm ứng điện từ. Phân loại và giải bài tập về hiện tượng cảm ứng điện từ. Ứng dụng của hiện tượng cảm ứng điện từ trong thực tế | ||
| 653 | |a Cảm ứng điện từ | ||
| 653 | |a Phân loại | ||
| 653 | |a Giải bài tập | ||
| 700 | |a Đặng Văn Hậu |c Th.S |e Hướng dẫn | ||
| OWN | |a LSP | ||
| AVA | |a UDN50 |b LSP |d 537.076 LE-A |e available |t Error 5001 Not defined in file expand_doc_bib_avail. |f 1 |g 0 |h N |i 0 |k 1 | ||
| 999 | |a From the UDN01 | ||
| AVA | |a UDN50 |b LSP |d 537.076 LE-A |e available |t Error 5001 Not defined in file expand_doc_bib_avail. |f 1 |g 0 |h N |i 0 |k 1 | ||
| TYP | |a Monograph | ||
| TYP | |a Printed language | ||
| 980 | |a Mạng thư viện Đại học Đà Nẵng | ||